10 Najlepszych strzelców ekstraklasy - Statystyki

Ogólne statystyki
  • Ten quiz został rozwiązany 28 razy
  • Średni wynik to 5 z 10
Statystyki odpowiedzi
Gole Piłkarz % Poprawnych
167 Tomasz Frankowski
92%
182 Lucjan Brychczy
79%
186 Ernest Pohl
67%
149 Paweł Brożek
67%
155 Włodzimierz Lubański
67%
168 Gerard Cieślik
54%
138 Teodor Anioła
29%
146 Jan Liberda
21%
157 Teodor Peterek
21%
153 Kazimierz Kmiecik
17%
Nie znaleziono quizów pasujących do podanych kryteriów
Rozkład punktacji
Procent ludzi z każdym wynikiem
Percentyl według liczby udzielonych odpowiedzi
Twoja historia wyników
Nie rozwiązałeś tego quizu